Normal view
MARC view
Entry Personal Name
001 - CONTROL NUMBER
- control field: 22820
003 - CONTROL NUMBER IDENTIFIER
- control field: ARRUPE
005 - DATE AND TIME OF LATEST TRANSACTION
- control field: 20160308115050.0
008 - FIXED-LENGTH DATA ELEMENTS
- fixed length control field: 160308|| aca||aabn | a|a d
040 ## - CATALOGING SOURCE
- Original cataloging agency: ARRUPE
- Transcribing agency: ARRUPE
100 ## - HEADING--PERSONAL NAME
- Personal name: Mabille, A.
- Fuller form of name: (Adolphe),
- Dates associated with a name: 1836-1894.
670 ## - SOURCE DATA FOUND
- Source citation: Work cat.: (ARRUPE)0: Mabille, A. (Adolphe), 1836-1894., Southern Sotho-English dictionary /, 1950